| 000 | 00988nam a2200265 i 4500 | ||
|---|---|---|---|
| 001 | 175537 | ||
| 003 | ES-MaACL | ||
| 005 | 20250826110003.0 | ||
| 007 | t| | ||
| 008 | 101104s1963 sp r ||||1| spa d | ||
| 080 | _a821.134.2 Sarmiento, Domingo Faustino | ||
| 080 | _a929 Sarmiento, Domingo Faustino | ||
| 100 | 1 |
_aSarmiento, Domingo Faustino, _d1811-1888 _9103825 |
|
| 245 | 1 | 0 |
_aSarmiento : _bestudio y antología / _cpor Conrado E. Eggers-Lecour. |
| 260 |
_aMadrid : _bCompañía Bibliográfica Española, _c1963. |
||
| 300 |
_a222 p. ; _c19 cm. |
||
| 490 | 1 |
_aUn autor en un libro ; _v9 |
|
| 504 | _aBibliografía: p. 215-222. | ||
| 600 | 1 | 7 |
_aSarmiento, Domingo Faustino, _d1811-1888- _xCrítica e interpretación _2 _9143837 |
| 700 | 1 |
_aEggers-Lecour, Conrado E. _9143834 |
|
| 710 | 2 |
_aCompañía Bibliográfica Española. _9171207 |
|
| 830 | 1 |
_aUn autor en un libro ; _v9 _9182717 |
|
| 852 |
_aES-MaACL _jE-13434 _xOlim P-651-bis |
||
| 999 |
_c175537 _d175537 |
||